| 000 | 00893cab a2200253 4500 | ||
|---|---|---|---|
| 001 | ABS49123 | ||
| 008 | 090401t1993 xxu||||| |||| 00| 0 eng d | ||
| 035 | _a(Sirsi) u70108 | ||
| 041 | _aeng | ||
| 100 | _aLeedham, D. | ||
| 245 | _aHealth and safety in the construction industry | ||
| 260 | _c1993 | ||
| 350 | _a0 | ||
| 490 |
_aCSM (Chartered Surveyor Monthly) _v3(1) September 1993, 16(1) |
||
| 520 | _aDiscusses the health and safety legislation which applies to the construction industry including the forthcoming Construction (Design and Safety) Regulations 1993. | ||
| 650 | _aCONSTRUCTION (DESIGN AND MANAGEMENT) REGULATIONS 1994 | ||
| 650 | _aFACTORIES ACT 1961 S176 | ||
| 650 | _aHEALTH AND SAFETY AT WORK ETC ACT 1974 | ||
| 650 |
_aHEALTH AND SAFETY _96244 |
||
| 650 | _aMENTOR | ||
| 690 | _aBUILT ENVIRONMENT-BUILDING STANDARDS | ||
| 942 | _n0 | ||
| 948 | _c04/03/1997 | ||
| 999 |
_c44106 _d44106 |
||